Statistics for U.S Federal Law Enforcement Agency Acronyms

Click here to take the quiz!

General Stats

  • This quiz has been taken 40 times
  • The average score is 8 of 18

Answer Stats

HintsAnswer% Correct
Federal Bureau of ______________ (🕵)FBI
100%
Central ____________ Agency (🕵)CIA
73%
____ ___________ Administration (💊)DEA
70%
_______, _______, and ________ (🍺, 🚬, 🔫)ATF
67%
Department of ________ ________ (🏠🛡️)DHS
67%
Department of _______ (⚔️🛡️)DOD
67%
National ________ Agency (🛡️)NSA
60%
United States ______ Service (🦅)USSS
57%
________ _______ Service (💸)IRS
43%
_____________ __________ Agency (🌲🛡️)EPA
33%
United States _______ Service (⚖️)USMS
33%
___________ and _______ ___________ (👩‍👩‍👧‍👧🏴)ICE
27%
United States _______ ______ (🏛️🛡️)USCP
20%
_______ and ______ __________ (🧱🛡️)CBP
17%
Federal Bureau of _______ (⛓️⚖️)FBP
17%
______ __________ Service (📭🕵)PIS
17%
_____________ and _____________ ________ Agency (💻🛡️)CISA
13%
United States Air Force Office of _______ _____________ (🕵)USAFOSI
13%

Score Distribution

Percentile by Number Answered

Percent of People with Each Score

Your Score History

You have not taken this quiz